| 000 | 01927nam a22004574 4500 | ||
|---|---|---|---|
| 001 | 197891 | ||
| 003 | ES-MaACL | ||
| 005 | 20251205063031.0 | ||
| 008 | 251023s2001 sp a ||||o001 0|spa d | ||
| 017 |
_aM 34770-2001 _bOficina Depósito Legal Madrid |
||
| 020 | _a84-8026-974-X | ||
| 024 | 7 |
_aNIPO 181-01-010-3 _2nipo |
|
| 040 |
_aSpMaBN _bspa _cSpMaBN _erdc |
||
| 080 | _a7.036(064.3) | ||
| 245 | 0 | 0 |
_aEspacio uno III : _c[dirección, Rafael Doctor Roncero; fotografías, Joaquín Cortés y José Luis Municio; traducción, Kristine Guzmán] |
| 264 | 1 |
_aMadrid : _bMuseo Nacional Centro de Arte Reina Sofía, _c2001 |
|
| 300 |
_aIX, 250, [41] páginas : _bilustraciones (color) ; _c23 cm |
||
| 336 |
_2rdacontent _atexto |
||
| 337 |
_2rdamedia _asin mediación |
||
| 338 |
_2rdacarrier _avolumen |
||
| 500 | _aExposiciones septiembre de 1999-febrero de 2001 | ||
| 546 | _aTexto en español e inglés | ||
| 594 | _aPrecede al tít.: Museo Nacional Centro de Arte Reina Sofía | ||
| 594 | _aTexto en español e inglés | ||
| 650 | 4 |
_aArte _yS.XX _vExposiciones _910140 |
|
| 700 | 1 |
_aDoctor Roncero, Rafael _d1966- _9242425 _epbd |
|
| 700 | 1 |
_aCortés, Joaquín _epht _9242572 |
|
| 700 | 1 |
_aMunicio, José Luis _epht _9242573 |
|
| 700 | 1 |
_aGuzmán, Kristine _etrl _9242577 |
|
| 710 | 2 |
_aMuseo Nacional Centro de Arte Reina Sofía _9147737 _eisb |
|
| 852 |
_aES-MaACL _cDEPO1 _jA-15844 _xEncuadernación rústica con solapas _9206964 |
||
| 942 |
_cMONOGRAFIA _n0 |
||
| 956 | _a2 | ||
| 980 |
_aM 34770-2001 _a84-8026-974-X _aSpMaBN _bBNALCALA _j12/92350 _cSG_PETANTI |
||
| 980 |
_aM 34770-2001 _a84-8026-974-X _aSpMaBN _bBNALCALA _jAHM/538342 _cSG_PETANTI |
||
| 980 |
_aM 34770-2001 _a84-8026-974-X _aSpMaBN _bBNALCALA _jDL/1082114 _cCONSERVACI |
||
| 999 |
_c197891 _d197891 |
||